e-Business : una perspectiva de gestión /
Saved in:
| Hovedforfatter: | |
|---|---|
| Andre forfattere: | , |
| Format: | Electronisk eBog |
| Sprog: | spansk |
| Udgivet: |
Barcelona :
Editorial UOC,
[2013]
|
| Udgivelse: | Primera edición en formato digital. |
| Serier: | Manuales (Editorial UOC) ;
279. Manuales (Editorial UOC). Economía y empresa. |
| Fag: | |
| Online adgang: | Digitalia Hispánica |
| Tags: |
Tilføj Tag
Ingen Tags, Vær først til at tagge denne postø!
|
MARC
| LEADER | 00000nam a2200000 i 4500 | ||
|---|---|---|---|
| 001 | DIGEDIUOC464 | ||
| 003 | NyNyDIG | ||
| 006 | m o d | ||
| 007 | cr ||||||||||| | ||
| 008 | 210505s2013 sp a ob 000 0 spa d | ||
| 035 | |a (OCoLC)1257036322 | ||
| 040 | |a DGITA |b eng |e rda |e pn |c DGITA | ||
| 020 | |a 9788490640166 |q eBook |q pdf | ||
| 020 | |z 9788490290040 |q impreso | ||
| 050 | 1 | 4 | |a HF5548.32 ebook |
| 082 | 0 | 4 | |a 658.054678 |
| 100 | 1 | |a Reynolds, Jonathan, |d 1958- |e author. | |
| 240 | 1 | 0 | |a e-Business. |l Spanish |s (Rodríguez-Ardura) |
| 245 | 1 | 0 | |a e-Business : |b una perspectiva de gestión / |c Jonathan Reynolds ; revisión de la traducción, edición y corrección a cargo de Inma Rodríguez-Ardura. |
| 250 | |a Primera edición en formato digital. | ||
| 264 | 1 | |a Barcelona : |b Editorial UOC, |c [2013] | |
| 300 | |a 1 online resource : |b illustrations. | ||
| 336 | |a text |b txt |2 rdacontent | ||
| 337 | |a computer |b c |2 rdamedia | ||
| 338 | |a online resource |b cr |2 rdacarrier | ||
| 347 | |a text file |2 rdaft | ||
| 347 | |b PDF | ||
| 490 | 1 | |a Economia y Empresa | |
| 504 | |a Includes bibliographical references. | ||
| 588 | 0 | |a Online resource; title from PDF title page (Digitalia, viewed May 5, 2021) | |
| 650 | 0 | |a Electronic commerce. | |
| 650 | 0 | |a Business enterprises |x Computer networks. | |
| 655 | 0 | |a Electronic books. | |
| 700 | 1 | |a Rodríguez-Ardura, Inma, |e translator. | |
| 700 | 1 | |i Translation of: |a Reynolds, Jonathan. |t E-Business. | |
| 791 | 2 | |a Digitalia (Firm), |e distributor. | |
| 793 | 0 | |g Digitalia eBook Collection: |a Editorial UOC | |
| 776 | 0 | 8 | |i Print version: |a Reynolds, Jonathan. |t E-business. |b Primera edición en lengua castellana. |d Barcelona : Editorial UOC, 2013 |z 9788490290040 |
| 830 | 0 | |a Manuales (Editorial UOC) ; |v 279. | |
| 830 | 0 | |a Manuales (Editorial UOC). |p Economía y empresa. | |
| 856 | 4 | 0 | |3 Digitalia Hispánica |u https://digitalia.unach.elogim.com/a/24526/ |
| 910 | |a Premium collection: 2021 | ||